000 00255nam a2200109Ia 4500
008 190216s9999||||xx |||||||||||||| ||und||
100 _aRamesh Chandra Sharma
245 0 _aHindi-Jeevana Dersha
260 _bYoung Man & Co
650 _aHindi
942 _cBK
999 _c15272
_d15272